000 00733nam a2200205 i 4500
001 65377
003 ES-MaACL
005 20230906165346.0
007 t|
008 040112s1980 sp ||||1| spa d
100 1 _aFranco Ibeas, F.
_952256
245 1 0 _aDiccionario tecnológico inglés-español de electricidad, electrónica, telecomunicación y materias afines con la física, la óptica y la química /
_cpor F. Franco Ibeas.
250 _a[2ª ed.].
260 _a[Madrid] :
_bAlhambra,
_c[1980]
300 _aXV, 707 p. ;
_c24 cm.
504 _aBibliografía: p. 707.
650 4 _aTecnología-
_vDiccionarios.
_917402
650 0 4 _aLengua inglesa-
_vDiccionarios-
_xEspañol.
_914270
852 _aES-MaACL
_jL-1913
_bR.102816
999 _c65377
_d65377